Gene Wilder Filmography - Statistics

General Stats
  • This quiz has been taken 55 times
    16 since last reset
  • The average score is 19 of 54
Answer Stats
Type Year Name % Correct
Film 1967 The Producers
83%
Film 1971 Willy Wonka & the Chocolate Factory
83%
Film 1974 Blazing Saddles
75%
Film 1980 Stir Crazy
75%
Film 1974 Young Frankenstein
75%
Film 1989 See No Evil, Hear No Evil
67%
Film 1984 The Woman in Red
67%
Film 1976 Silver Streak
58%
Film 1970 Start the Revolution Without Me
58%
Film 1979 The Frisco Kid
58%
Film 1967 Bonnie and Clyde
50%
Film 1986 Haunted Honeymoon
50%
Film 1974 Rhinoceros
42%
TV Film 1999 Alice in Wonderland
33%
Film 1991 Another You
33%
TV Film 1966 Death of a Salesman
33%
Film 1972 Everything You Always Wanted to Know About Sex* (*But Were Afraid to Ask)
33%
Film 1990 Funny About Love
33%
Film 1982 Hanky Panky
33%
Film 1970 Quackser Fortune Has a Cousin in the Bronx
33%
Film 1980 Sunday Lovers
33%
Film 1975 The Adventure of Sherlock Holmes' Smarter Brother
33%
Film 1974 The Little Prince
33%
Film 1977 The World's Greatest Lover
33%
TV Film 1974 Thursday's Game
33%
TV Film 1972 Acts of Love and Other Comedies
25%
TV Show 1962 Armstrong Circle Theatre
25%
TV Show 1962, 1963 DuPont Show of the Week
25%
Theater 1964 Dynamite Tonight
25%
TV Pilot 1993 Eligible Dentist
25%
Documentary 2005 EXPO: Magic of the White City
25%
Theater 1996 Laughter on the 23rd Floor
25%
Theater 1966 Luv
25%
Theater 1963 Mother Courage and Her Children
25%
TV Film 1999 Murder in a Small Town
25%
Theater 1963-1964 One Flew Over the Cuckoo's Nest
25%
TV Show 1961 Play of the Week
25%
Theater 1961 Roots
25%
TV Show 1989-1996 Sesame Street
25%
TV Show 1994-1995 Something Wilder
25%
Theater 1961-1962 The Complaisant Lover
25%
TV Show 1962 The Defenders
25%
TV Show 1972-1977 The Electric Company
25%
TV Film 1999 The Lady in Question
25%
TV Film 1972 The Scarecrow
25%
Theater 1964 The White House
25%
TV Show 2002, 2003 Will & Grace
25%
Commercial 1960s Alka Seltzer
17%
Short Documentary 2017 Gene Wilder: Loved, Remebered
8%
Commercial 1965 Gillette Razors
8%
Documentary 2023 Remembering Gene Wilder
8%
TV Documentary 2008 Role Model: Gene Wilder
8%
TV Special 2016 TCM Remembers: Gene Wilder
8%
Theater 1963 The Millionairess
8%
No matching quizzes found
Score Distribution
Percent of People with Each Score
Percentile by Number Answered
Your Score History
You have not taken this quiz since the last reset